000 00877nmm a2200277 a 4500
001 ocm000652887
003 TR-IsHL
005 20201028140631.0
008 131219s2009 tu tur
007 cr cn
020 _a9789753853651
035 _a652887
_b(N$T)
050 0 4 _aPQ2246.M2
_bT9 2009
090 0 4 _aPQ2246.M2
_bT9 2009
100 1 _aFlaubert, Gustave
245 1 0 _aMadam Bovary
_h[electronic resource] /
_cGustave Flaubert ; çev. Gökçe Çatan
260 _aİstanbul :
_bOda Yayınları,
_c2009
300 _a352 p.
650 4 _aDil ve Edebiyat
650 4 _aLanguage and Literature
650 0 _aFransız romanı
650 0 _aFrench fiction
650 7 _aLITERARY COLLECTIONS / European / French
_2bisacsh
700 1 _aÇatan, Gökçe
856 4 0 _uhttp://search.ebscohost.com/login.aspx?direct=true&scope=site&db=e011xww&AN=652887
999 _c7391
_d7391